000 00324nam a22001337a 4500
008 170524b xxu||||| |||| 00| 0 eng d
020 _a9780072302264
041 _aeng
080 _24TH
_a62
100 _a26
101 _aIM
245 _aCLASSICAL AND OBJECT-ORIENTED SOFTWARE ENGINEERING
_cSCHACH,S.R
942 _2udc
_cBK
999 _c14036
_d14036